000 00294nam a2200133Ia 4500
100 _aTondo C.L & gimpel S.E
942 _cBK
654 _aC
245 _aThe ''''C'''' Answer book
260 _bPrentice Hall
_aNew Delhi
_c1994
082 _a005.13 'C'
546 _aENGLISH
999 _c23430
_d23430